000
00200nam a2200085Ia 4500
008
170620s9999 xx 000 0 und d
100
_a
MULLA- I
245
0
_a
COMMENTRY ON MOHAMMEDAN LAW
260
_b
ALLAHABAD; DLA
260
_c
2010
999
_c
29508
_d
29508